000 00835nam a22002297a 4500
999 _c19013
_d19013
003 AR-CdUCM
008 190516b ||||| |||| 00| 0 spa d
040 _aMUNICIPALIDAD PROVINCIAL DEL CUSCO
_cBIBLIOTECA MUNICIPAL DEL CUSCO
082 _a985.008 /
_bIN52
245 _aInforme del Perú :
_bDepartamento de Arequipa /
260 _aLima :
_bLatinoamericana Newton - Cortazar,
_c1987.
300 _a159 páginas ;
_c21.5 cm.
440 _aColección Informe del Perú.
_940049
505 _aContenido: v.6: Arequipa "si quedaos" -- Turismo -- Folklore -- Historia y cultura -- Producción.
650 _aArequipa
_91703
650 _aCentros turísticos
_940050
650 _aGuía
_93996
650 _aTradiciones
_9229
700 _aCortaza, Pedro Felipe (director)
_940051
942 _2ddc
_cLIBROS
945 _aachl
_d2019-05-16